My Chemical Romance song from one lyric - Statistics

General Stats
  • This quiz has been taken 24 times
  • The average score is 19 of 74
Answer Stats
Hint Answer % Correct
Shut up, and let me see your jazz hands! Na Na Na (Na Na Na Na Na Na Na Na Na)
81%
Call my Aunt Marie Cancer
69%
When both our cars collide Helena
69%
You can find out firsthand what it's like to be me The End.
63%
... but you're beautiful to me The World Is Ugly
63%
Well are you ready, Ray? Vampire Money
63%
I believe we're the enemy DESTROYA
56%
I am not afraid to keep on living Famous Last Words
56%
I should've been a better son Mama
56%
I just get these terrors... Sleep
56%
What you got under your shirt? Teenagers
56%
So send my resignation to the bride and the groom To the End
50%
And though you're dead and gone, believe me Welcome to the Black Parade
50%
Isn't that much fun? Staring down a loaded gun Cemetery Drive
44%
Took a train outta New Orleans Give 'Em Hell, Kid
44%
109 in the sky, but the pigs wont quit Look Alive, Sunshine
44%
It's just a vacant 3 by 4 Cubicles
38%
Wouldn't it be grand to take a pistol by the hand? Dead!
38%
I spent my high school career spit on and shoved Disenchanted
38%
Green fur! Blue skin! Every Snowflake is Different (Just Like You)
38%
We are all a bunch of animals that never paid attention in school Kill All Your Friends
38%
They make me do push-ups in drag! You Know What They Do to Guys Like Us in Prison
38%
Tell the truth and God will save you Bulletproof Heart
31%
Take this to my grave House of Wolves
31%
All the good times, they give you cancer Party Poison
31%
You're unbelievable, so unbelievable Planetary (GO!)
31%
Drop the dagger and lather the blood on your hands The Sharpest Lives
31%
Why can't we give love that one more chance? Under Pressure
31%
Well it better be black, and it better be tight, and it better be just my size Boy Division
25%
In a hail of bullets Demolition Lovers
25%
And so he gets to die a saint... Foundations of Decay
25%
Come on, kiss my battery F.T.W.W.W.
25%
Just think happy thoughts Headfirst for Halos
25%
Another line without a hook I'm Not Okay (I Promise)
25%
Die with your mask on if you've got to Jet-Star and the Kobra Kid / Traffic Report
25%
Turn my headphones up real loud Summertime
25%
If I could be with you tonight, I would sing you to sleep The Light Behind Your Eyes
25%
Not knowing you changed from just one bite Early Sunsets Over Monroeville
19%
So what's your favorite color, punk? My Way Home is Through You
19%
Everybody's talking about the way you cut your hair Not That Kind of Girl
19%
You're a heart attack in black hair dye Save Yourself, I'll Hold Them Back
19%
Run, Run, Bunny, Run S/C/A/R/E/C/R/O/W
19%
Cleaned up, corporation progress Sing
19%
I keep a gun in the book you gave me! Thank You for the Venom
19%
And we are not the same AMBULANCE
13%
Oh, thank you! Blood
13%
Another hopeless cause, though it makes me who I am Burn Bright
13%
I don't care how much you invest yourself in me Honey, This Mirror Isn't Big Enough for the Two of Us
13%
Better get out while you can I Don't Love You
13%
I'm so dirty, babe I Never Told You What I Do for a Living
13%
X-O, X-O, X-O, X-O Mastas of Ravenkroft
13%
Cross the patron saint of switchblade fights Our Lady of Sorrows
13%
Ever get the feeling that you're never all alone? The Ghost Of You
13%
Covered in all my friends The Only Hope for Me is You
13%
Tell me if it's so that all good girls go to heaven? This Is How I Disappear
13%
Picked him up at 4 A.M. All the Angels
6%
From the earth to the morgue Desert Song
6%
With cheap champagne Drowning Lessons
6%
A heckle for a pistol is a lot of fun Gun.
6%
I will avenge my ghost It's Not a Fashion Statement, It's a Deathwish
6%
Could I lie next to you? The Jetset Life Is Gonna Kill You
6%
Every hour, on the hour This Is the Best Day Ever
6%
Say hello to the brush fire, baby Tomorrow's Money
6%
Hiding in the portrait, our atomic sun Black Dragon Fighting Society
0%
Pick up the phone! Bury Me in Black
0%
You know, you gave me the gun Emily
0%
Come on and feel that shame Fake Your Death
0%
Would I lie to you? Hang 'Em High
0%
Down your voice, I hear you've been bleeding Heaven Help Us
0%
Come angels of the unknown Interlude
0%
You'll get far, stay clean Kiss the Ring
0%
Dead chic, so cool! Make Room!!!!
0%
Ride escalators colder than a cell Skylines and Turnstiles
0%
Like cheap whiskey, you're always there Vampires Will Never Hurt You
0%
No matching quizzes found
Score Distribution
Percent of People with Each Score
Percentile by Number Answered
Your Score History
You have not taken this quiz